Literature Multiple Choice #3 - Statistics

General Stats
  • This quiz has been taken 4,848 times
  • The average score is 9 of 15
Answer Stats
Question Answer % Correct
Which of these characters is from the region known as La Mancha? Don Quixote
96%
Who lives at the address 221B Baker Street? Sherlock Holmes
96%
Which story tells of the author's travels through the three realms of the dead: Hell, Purgatory, and Paradise? The Divine Comedy
90%
Which of these characters is not a pirate? Captain Nemo
74%
Who told a new tale every night, but always stopped in the middle so that the king would wait for her to finish instead of executing her? Scheherazade
67%
Which of these is not a pen name? Edgar Allan Poe
64%
Who were the Three Musketeers? Athos, Porthos, and Aramis
63%
Who wrote The Sorrows of Young Werther? Johann Wolfgang von Goethe
60%
Who wrote the Greek tragedies Oedipus Rex and Antigone? Sophocles
59%
Which of these is a single novel rather than a collection of stories? The Pickwick Papers
55%
Which of these is considered the oldest surviving great work of literature? The Epic of Gilgamesh
54%
One Hundred Years of Solitude is the multi-generational story of what family? Buendía
44%
Who wrote Le Morte d'Arthur? Thomas Malory
40%
Okonkwo is the protagonist of which novel? Things Fall Apart
39%
Which of these is not one of the Four Classic Novels of Chinese literature? The Book of Five Rings
31%
No matching quizzes found
Score Distribution
Percent of People with Each Score
Percentile by Number Answered
Your Score History
You have not taken this quiz